000 00773nam a2200241 a 4500
001 75197
003 BD-RjUL
005 20211209082647.0
008 190130s1949 n a|||| b||| 001 0 eng d
035 _a(BD-RjUL)75415
040 _aBD-RjUL
_beng
_cBD-RjUL
041 _aeng
082 _223
_a630.941
_bWAA 1949
100 1 _aWatson, James A S
_9227538
245 1 0 _aAgricutlure : the science and practice of British farming./
_cJames A S Watson; James A More
250 _a9th. ed.revised and enlarged
260 _aLondon :
_bOliver and Boyd,
_c1949
300 _axii, 943 p. :
_bill. ;
_c23 cm
650 _aAgriculture
_zGreat Britain.
_9227539
650 _aAgriculture
_zGreat Britain
_y20th century.
_9227540
700 _a More, James A
_9227544
942 _2ddc
_cBK
999 _c75197
_d75197